| 000 | 01310nam a2200265Ia 4500 | ||
|---|---|---|---|
| 999 |
_c53828 _d53828 |
||
| 001 | 20879 | ||
| 003 | GE_BSU | ||
| 005 | 20200812115244.0 | ||
| 008 | 181216s2016 xx |||||||||||||| ||geo|| | ||
| 020 | _a9789941947605 | ||
| 040 | _cGE_BSU | ||
| 041 | _ageo | ||
| 080 | _a341.9(479.22)გ-12 | ||
| 100 |
_aგაბისონია, ზვიად. _98189 |
||
| 245 |
_aქართული საერთაშორისო კერძო სამართალი = Georgisches internationales Privatrecht / _b _cზვიად გაბისონია ; რედ. ლადო ჭანტურია. |
||
| 250 | _aმე-2 გადამუშავებული და დამატებული გამოცემა. | ||
| 264 |
_aთბილისი : _bიურისტების სამყარო, _c2016. |
||
| 300 |
_a490 გვ; _c 20 სმ. |
||
| 504 | _aბიბლიოგრ.: გვ. 468-489 და ტექსტის შენიშვნებში. | ||
| 541 | _h22ლ. | ||
| 653 | _aსაერთაშორისო კერძო სამართალი | ||
| 653 | _aსამართალი | ||
| 700 |
_aმარინაშვილი, მარინე _eრედაქტორი _98188 |
||
| 942 |
_cBK _2udc |
||